| 000 | 01042nam a2200313 a 4500 | ||
|---|---|---|---|
| 001 | 000027458 | ||
| 003 | DO-SdBNP | ||
| 005 | 20150601105056.0 | ||
| 007 | 000027458 | ||
| 008 | 150212b xxu||||| |||| 00| 0 eng d | ||
| 040 |
_aBPMET _bspa _cBPMET |
||
| 092 |
_a301 _bI61c, 1996 |
||
| 245 | 0 | 0 |
_aIntroducción a las ciencias sociales : _bselección de lecturas para el texto básico de la materia / _cpresentación Rubén Silié ; textos de Maurice Duverger ... [et. al.]. |
| 260 |
_aSanto Domingo : _bEdiciones del Economato -UASD _c1996 |
||
| 300 |
_a133 p. ; _c23 cm. |
||
| 500 | _aA la cabeza del título ICS-011 | ||
| 650 | 4 | _aCIENCIAS SOCIALES | |
| 650 | 4 | _aSOCIOLOGÍA | |
| 700 | 1 | 2 | _aSilié, Rubén |
| 700 | 1 | 2 | _aDuverger, Maurice |
| 700 | 1 | 2 | _aCastillo Morales, Luis R. del |
| 700 | 1 | 2 | _aVallois, H. |
| 700 | 1 | 2 | _aHiernaux, Jean |
| 700 | 1 | 2 | _aCueva, Agustín |
| 700 | 1 | 2 | _aStavenhagen, Rodolfo |
| 930 | 1 |
_lBND01 _mLF1 _820110331 _f01 _pHD _g19288 |
|
| 930 | 1 |
_lBND01 _mLF1 _820140407 _f01 _pHD _g44354 _he. 2 |
|
| 942 |
_2ddc _cBK |
||
| 999 |
_c7379 _d7379 |
||